书目信息 |
| 题名: |
管理数学
|
|
| 作者: | Luckinga 著 ;贺志贤 译 | |
| 分册: | ||
| 出版信息: | 武昌 华中工学院出版社 1985 |
|
| 页数: | 400页 | |
| 开本: | 20cm | |
| 丛书名: | ||
| 单 册: | ||
| 中图分类: | C931.1 | |
| 科图分类: | ||
| 主题词: | 管理--技术 , 管理--方法 | |
| 电子资源: | ||
| ISBN: | ||
| 000 | 00576nam0 2200205 450 | |
| 001 | 0638167656 | |
| 005 | 20060727103807.64 | |
| 010 | @dCNY2.70 | |
| 100 | @a20060727d1985 km y0chiy0120 ea | |
| 101 | 0 | @achi@ceng |
| 200 | 1 | @a管理数学@Aguan li shu xue@f(英)Luckinga著@F(ying)Luckinga zhu@g贺志贤译@Ghe zhi xian yi |
| 210 | @a武昌@c华中工学院出版社@d1985 | |
| 215 | @a400页@d20cm | |
| 606 | 0 | @a管理@x技术 |
| 606 | 0 | @a管理@x方法 |
| 690 | @aC931.1@v3 | |
| 701 | 0 | @aLuckinga@4著 |
| 702 | 0 | @a贺志贤@Ahe zhi xian@4译 |
| 801 | 0 | @aCN@bPFT@c20060727 |
| 905 | @a10447@dC931.1@e208 | |
| 管理数学/(英)Luckinga著/贺志贤译.-武昌:华中工学院出版社,1985 |
| 400页;20cm |
| ISBN :CNY2.70 |
| ● |
| 相关链接 |
|
|
|
|
正题名:管理数学
索取号:C931.1/208
 
预约/预借
| 序号 | 登录号 | 条形码 | 馆藏地/架位号 | 状态 | 备注 |
| 1 | 0439942 | 204399427 | 密集书库/ [索取号:C931.1/208] | 在馆 |